=LDR 00000nam 2200000 4500 =001 INLIS000000000026393 =005 20130612124834 =008 ***********************************Ind** =035 ##$$0010-061300000026393 =041 ##$$a Ind =082 ##$$a 540 =090 ##$$a 540, Pur k =100 ##$$a Purba, Michael =245 ##$$a Kimia 2000 SMU kelas 1, Michael Purba =260 ##$$a 2000 $b Jakarta =300 ##$$a 143 hlm, ilus, 28 cm =650 ##$$a Kimia =850 ##$$a NBPNMAT